High dynamic range imaging : sensors and architectures /

Illumination is a crucial element in many applications, matching the luminance of the scene with the operational range of a camera. When luminance cannot be adequately controlled, a high dynamic range (HDR) imaging system may be necessary. These systems are being increasingly used in automotive on-b...

Full description

Bibliographic Details
Main Author: Darmont, Arnaud (Author)
Format: Book
Language:English
Published: Bellingham, Washington : SPIE Press, [2019]
Edition:Second edition.
Subjects:

MARC

Tag First Indicator Second Indicator Subfields
LEADER 00000cam a2200000 i 4500
001 in00004069749
005 20190718165418.0
008 181120t20192019wau b 001 0 eng
010 |a  2018038150 
020 |a 9781510622784  |q (softcover) 
020 |a 1510622780 
035 |a (OCoLC)on1076371189 
040 |a DLC  |e rda  |c DLC  |d TXA  |d UtOrBLW 
049 |a TXAM 
050 0 0 |a TK8316  |b .D37 2019 
082 0 0 |a 621.36/7  |2 23 
100 1 |a Darmont, Arnaud,  |e author. 
245 1 0 |a High dynamic range imaging :  |b sensors and architectures /  |c Arnaud Darmont. 
250 |a Second edition. 
264 1 |a Bellingham, Washington :  |b SPIE Press,  |c [2019] 
264 4 |c ©2019 
300 |a xii, 167 pages :  |b chiefly color illustrations ;  |c 26 cm. 
336 |a text  |b txt  |2 rdacontent 
337 |a unmediated  |b n  |2 rdamedia 
338 |a volume  |b nc  |2 rdacarrier 
504 |a Includes bibliographical references and index. 
505 0 |a Introduction -- Dynamic range -- Hardware methods to extend the dynamic range -- Software methods to extend the dynamic range -- Optical limitations -- Automatic high dynamic range control -- High dynamic range file formats -- Testing high dynamic range sensors, cameras, and systems -- Conclusions. 
520 |a Illumination is a crucial element in many applications, matching the luminance of the scene with the operational range of a camera. When luminance cannot be adequately controlled, a high dynamic range (HDR) imaging system may be necessary. These systems are being increasingly used in automotive on-board systems, road traffic monitoring and other industrial, security and military applications. This book provides readers with an in-depth discussion of HDR image sensors and techniques for industrial and non-industrial applications. It describes various sensor and pixel architectures capable of achieving HDR imaging, as well as software approaches to make high dynamic range images out of lower dynamic range sensors or image sets. Some methods for automatic control of exposure and dynamic range of image sensors, along with testing methods, are also introduced. This edition introduces CMOS pixel and image sensor design concepts and circuits. 
650 0 |a Image converters.  |0 http://id.loc.gov/authorities/subjects/sh85064439 
650 0 |a High dynamic range imaging  |x Equipment and supplies. 
948 |a cataloged  |b h  |c 2019/5/15  |d c  |e dmitchel  |f 8:50:40 am 
994 |a C0  |b TXA 
999 f f |s 44cb69ca-c4d5-3545-8f8c-ebe7a9d0cfa9  |i af6ffa95-4f74-3d3a-8058-d8e9f6cb54dd  |t 0 
952 f f |p normal  |a Texas A&M University  |b College Station  |c Sterling C. Evans Library  |d Evans: Library Stacks  |t 0  |e TK8316 .D37 2019  |h Library of Congress classification  |i unmediated -- volume  |m A14850451270 
998 f f |a TK8316 .D37 2019  |t 0  |l Evans: Library Stacks